| 000 | 00909nam a2200241 i 4500 | ||
|---|---|---|---|
| 001 | 77605 | ||
| 003 | ES-MaACL | ||
| 005 | 20230906173309.0 | ||
| 007 | t| | ||
| 008 | 041026s2002 sp abe |||| | spa d | ||
| 020 | _a84-8371-344-6 | ||
| 080 | _a016:912(460.37)"18/19" | ||
| 080 | _a94(460.37)"18/19"(093) | ||
| 100 | 1 |
_aVilar, María José. _9114799 |
|
| 245 | 1 | 0 |
_aCeuta en el siglo XIX _b: a través de su cartografía histórica y fuentes inéditas : de presidio fortificado a ciudad abierta, portuaria y mercantil (1800-1912) / _cMaría José Vilar. |
| 250 | _a1ª ed. | ||
| 260 |
_a[Murcia] : _bUniversidad de Murcia, Servicio de Publicaciones, _c2002. |
||
| 300 |
_aXIV, 379 p. : _bil. mapas, planos ; _c24 cm. |
||
| 504 | _aBibliografía: p. 369-379. | ||
| 651 | 4 |
_aCeuta- _xMapas- _vCatálogos. _9169699 |
|
| 651 | 4 |
_aCeuta- _xHistoria- _yS.XIX- _vFuentes. _9169698 |
|
| 852 |
_aES-MaACL _jL-28361 |
||
| 999 |
_c77605 _d77605 |
||